000 01247nas a2200325 c 4500
001 291722
003 BLK
005 20240131162515.0
008 180413b bul raner|||| |0| c1bulo|
010 _aPRD00002436000
022 _a0861-6493
040 _aBLK
041 _aBUL
_cBUL
080 _aЛитература на отделни езици и езикови семейства
_b821
_x-1/-9
_z821-1/-9
080 _aЦивилизация. Култура. Прогрес. История на културата вж 930.85
_b008
_z008
110 1 _aФирма Куадро
_eРед. кол.: Явор Койнаков
_9358171
245 1 0 _aАРТ
_bСедмичник за култура
_cФирма Куадро ; Ред. кол.: Явор Койнаков
_fНачална год. на издаване: Год. 1, № 1 (1991),
257 _aBGR
260 _bФирма Куадро
_c1991
_fпеч. база при ТФ на СБХ
300 _c40
310 _eсрок за съхранение: 99
380 _a0
852 _aВ 612
856 _qpdf
_u
856 _qpdf
_u
942 _cNSP
_n0
_s1
_01
944 _aCR
_cВася_Ганчева
_k30550
_lКети Илиева
944 _aED
_k05.06.2014
999 _c291722
_d291722
999 _d291722